STRESS physiology and forest productivity : proceedings of the Physiology Working Group, Technical session : Society of American Foresters National Convention, Fort Collins, Colorado, USA, July 28-31, 1985

Bibliographic Details
Other Authors: Hennessey
Format: Book
Published: Dordrecht ; Boston : M. Nijhoff; Hingham, MA, USA : Distributors for the U.S. and Canada : Kluwer Acad.Pub. , 1986
Series:Forestry sciences; v. 21
Subjects:

MARC

LEADER 00000cam a2200000 7i4500
001 0000002313
005 20030525.0
020 0 0 |a 9024733596 
090 0 0 |a 634.96   |b STR 1986 
245 0 0 |a STRESS physiology and forest productivity :   |b proceedings of the Physiology Working Group, Technical session : Society of American Foresters National Convention, Fort Collins, Colorado, USA, July 28-31, 1985   |c edited by Thomas C. Hennessey ... [et al.] 
260 0 0 |a Dordrecht ; Boston :   |b M. Nijhoff; Hingham, MA, USA :   |b Distributors for the U.S. and Canada :   |b Kluwer Acad.Pub. ,   |c 1986 
300 |a viii, 239 p. :   |b ill. ;   |c 25 cm. 
440 0 0 |a Forestry sciences; v. 21 
500 0 0 |a Includes bibliographies 
650 0 0 |a Forest ecology   |x Congresses 
650 0 0 |a Forest management   |x Congresses 
650 0 0 |a Forest productivity   |x Congresses 
650 0 0 |a Plants, Effect of stress on   |x Congresses 
650 0 0 |a Trees   |x Physiology   |x Congresses 
700 0 1 |a Hennessey   |h Thomas C. 
998 |a JPSM 
999 |a 0000004201   |b Monograph   |c Open Shelf   |e Default branch